000 01319cam a22003131a 4500
001 e 18000827
003 DLC
005 20260227111209.0
008 840515s1918 dcua b f001 0 eng c
010 _ae 18000827
035 _a(OCoLC)10736185
040 _aU.S. Off. of Educ. Library
_cABAU
_dABAU
_dOCoLC
_dDLC
042 _apremarc
043 _an-us---
050 0 0 _aL111
_b.A6 1918, no. 6
051 _aLC1756
_b.R7
051 _aLC1756
_b.R72
100 1 _aRobinson, Mabel Louise,
_d1874-1962.
245 1 4 _aThe curriculum of the woman's college /
_cby Mabel Louise Robinson.
260 _aWashington :
_bG.P.O.,
_c1918.
300 _a140 p. :
_bill. ;
_c23 cm.
490 1 _aBulletin / Dept. of the Interior, Bureau of Education ;
_v1918, no. 6
500 _aThe author's doctoral dissertation, Columbia University, 1916, but not published as a thesis.
501 _aCopies 1 and 2 of L111.A6 with: Guide to United States government publications / Walter Irving Swanton. Washington : Govt. Print. Off., 1918. Bound together subsequent to publication.
_5DLC
504 _aIncludes bibliographical references and index.
650 0 _aWomen's colleges
_xCurricula
_zUnited States.
650 0 _aWomen
_xEducation
_zUnited States.
830 0 _aBulletin (United States. Bureau of Education) ;
_v1918, no. 6
999 _c20217
_d20217